000 00334nam a2200133Ia 4500
008 100328s9999 xx 000 0 und d
082 _b61304
100 _aाोत्रे मनोहर.
245 _aउ:शाप.
260 _bरुपवेा.
630 _aउ:शाप.
730 _aउ:शाप.
942 _cBOOK
999 _c547399
_d547396